Представление документа в формате RUSMARC

ПолеНазваниеЗначение
  Тип записи a
  Библиографический уровень m
001 Контрольный номер RU/SLIB/B/208770532
005 Дата корректировки 20201206204259.7
010 Индекс ISBN __
a ISBN 5-469-00631-X (в обл.)
d Цена 33-00
100 Данные общей обработки __
a Данные общей обработки 19050112d2005 |||y0rusy0189 ca
101 Язык документа 0_
a Язык текста rus
102 Страна публикации __
a Страна публикации ru
105 Кодированные данные (монография) __
a Кодированные данные (монография) y zzzz000zy
200 Заглавие и сведения об ответственности 1_
a Заглавие Чистка капилляров: Учение Залманова
f Первые сведения об ответственности Олег Мазур
b Общее обозначение материала Текст
205 Сведения об издании __
a Основные сведения об издании 2-е изд.
210 Выходные данные __
a Место издания СПб. [и др.]
c Издательство Питер
d Дата издания 2005
215 Физическое описание __
a Объем 157, [1] с.
c Иллюстрации/тип воспроизводства ил.
225 Серия __
a Серия Исцели себя сам
320 Библиография __
a Библиография Библиогр.: с. 154
330 Аннотация __
a Аннотация Об эффективном и безвредном методе оздоровления организма - скипидарных ваннах доктора Залманова. Для широкого круга.
600 Персоналии __
a Персоналии (Фамилия) Залманов, А. С.
g Полное имя Абрам Соломонович
606 Тематические рубрики __
a Основная рубрика Здравоохранение. Медицинские науки
a Основная рубрика Физиотерапия и курортология в целом
610 Ключевые слова __
a Ключевые слова капилляры; чистка капилляров; ортодоксальная медицина; капилляротерапия; скипидар; скипидарные ванны; скипидарные смеси; кулинарные рецепты; лечебные ванны; ванны Залманова
686 Индексы других классификаций __
a Классификационный индекс 53.544
700 Автор _1
a Фамилия Мазур
b Имя О. А.
g Полное личное имя Олег Анатольевич
4 Код отношения 070
801 Источник записи _0
a Страна ru
b Организация Муниципальное бюджетное учреждение культуры "Централизованная библиотечная система" г. Сургут (Центральная городская библиотека им. А. С. Пушкина)
c Дата составления 20050112
g Правила каталогизации КиК/Уланова
801 Источник записи _1
a Страна ru
b Организация Муниципальное бюджетное учреждение культуры "Централизованная библиотечная система" г. Сургут (Центральная городская библиотека им. А. С. Пушкина)
c Дата составления 20050112
g Правила каталогизации КиК/Уланова
852 Данные о местонахождении __
j Шифр хранения 53.544
c Каталожный индекс 53.58
i Авторский знак М 13
p Инвентарный номер Б/Н
901 Тип документа __
t Тип документа m
903 Характеристики (МАРС) __
a Дата передачи 20050609
990 Данные о заказе (DOS) __
j Количество экземпляров (DOS) 4
h N записи в КСУ для Б/У (DOS) 200506